000 00568nam a22001937a 4500
005 20170926111450.0
010 _aENG-120714
020 _a9789381325223
_c400.00
035 _aEN-104246
037 _bDBAD/PUB
082 _a954.17
245 _aAspects of Indian culture /
260 _aKolkata
_bThe Ramakrishna Mission Institute of Culture
_c2013
270 _aGol Park
_bKolkata
_e700029
300 _axx,1026,[12]p.
_c24cm(Hb)
500 _aIncludes index
505 _avol-2-functional group approaches
942 _2ddc
_cEN
_h954.17
_mASP
999 _c145153
_d145153